Derecho Administrativo Sancionador: parte general
Gespeichert in:
| 1. Verfasser: | |
|---|---|
| Weitere Verfasser: | |
| Format: | Unbekannt |
| Sprache: | Englisch Spanisch |
| Veröffentlicht: |
Navarra, España
Aranzadi
2017
|
| Ausgabe: | Cuarta edición |
| Schriftenreihe: | Colección Grandes Tratados
v.890 |
| Schlagworte: | |
| Tags: |
Tag hinzufügen
Keine Tags, Fügen Sie den ersten Tag hinzu!
|
MARC
| LEADER | 00000 a2200000 4500 | ||
|---|---|---|---|
| 003 | CL-VaPUC | ||
| 005 | 20210312001430.0 | ||
| 008 | 200117b ||||| |||| 00| 0 eng d | ||
| 999 | |c 376107 |d 376105 | ||
| 020 | |a 9788491525127 | ||
| 040 | |c Pontificia Universidad Católica de Valparaíso | ||
| 041 | 0 | |a spa | |
| 082 | |a 342.066 GOM 2017 | ||
| 100 | |a Gómez Tomillo, Manuel |9 596922 | ||
| 245 | 1 | 0 | |a Derecho Administrativo Sancionador: |b parte general |
| 250 | |a Cuarta edición | ||
| 260 | 3 | |b Aranzadi |c 2017 |a Navarra, España | |
| 300 | |a 1037 p | ||
| 490 | 0 | 0 | |a Colección Grandes Tratados |v v.890 |
| 505 | 0 | |a Primera parte. Derecho penal y Derecho administrativo sancionador. Segunda parte. El principio de legalidad en el ámbito sancionador administrativo. Tercera parte. Teoría general de la infracción administrativa. Cuarta parte. El procedimiento sancionador. | |
| 583 | |k Hugo Gaete |c 20200117 | ||
| 650 | 0 | 0 | |a Derecho administrativo |9 254851 |
| 650 | 0 | 0 | |a SANCIONES ADMINISTRATIVAS |9 574917 |
| 700 | 1 | |a Sanz Rubiales, Íñigo |9 608754 | |
| 942 | |2 ddc |c BK | ||
| 952 | |0 0 |1 0 |2 ddc |4 0 |6 342_066000000000000_GOM_2017 |7 0 |9 495278 |a BIBDER |b BIBDER |d 2020-01-02 |e 36 |g 111609.00 |i 5568943 |l 6 |m 6 |o 342.066 GOM 2017 |p 5568943 |r 2023-07-25 |s 2023-07-25 |t 1 |v 111609.00 |w 2020-01-02 |y BK |k DER | ||